000
00335nam a22001457a 4500
008
230926b ||||| |||| 00| 0 eng d
020
_a
9780029298657
041
_a
eng
080
_a
618
082
_a
618SOL
100
_a
13
101
_a
GINEKO
245
_a
THE ABORTIONIST A WOMEN AGAINST THE LAW
_c
SOLINGER.R
942
_2
udc
_c
BK
999
_c
60395
_d
60395